[Event "ODJM C 2023"]
[Site "Willingen GER"]
[Date "2023.05.30"]
[Round "4"]
[White "Hellmann, Alexander"]
[Black "Fischermann, Charlotte"]
[Result "1-0"]
[Termination "normal"]
[Board "27"]
[WhiteElo "1156"]
[BlackElo "1303"]
[WhiteClock "01:31:01"]
[BlackClock "01:24:48"]
[PlyCount "93"]
[WhiteFideId "34612050"]
[BlackFideId "34619690"]
[EventCountry "GER"]
[EventRounds "9"]
[EventType "swiss"]
[EventDate "2023.05.27"]

1. e4 {[%clk 01:30:58]} e5 {[%clk 01:30:55]} {[%emt 00:00:05]} 2. Nf3 {[%clk
01:31:12]} {[%emt 00:00:16]} Nc6 {[%clk 01:31:05]} {[%emt 00:00:21]} 3. Bc4
{[%clk 01:31:26]} {[%emt 00:00:16]} Bc5 {[%clk 01:31:09]} {[%emt 00:00:27]} 4.
c3 {[%clk 01:31:42]} {[%emt 00:00:13]} Nf6 {[%clk 01:29:59]} {[%emt 00:01:40]}
5. d4 {[%clk 01:32:04]} {[%emt 00:00:08]} exd4 {[%clk 01:30:20]} {[%emt
00:00:09]} 6. e5 {[%clk 01:32:05]} {[%emt 00:00:30]} Ng4 {[%clk 01:26:32]}
{[%emt 00:04:17]} 7. cxd4 {[%clk 01:31:36]} {[%emt 00:01:00]} Bb4+ {[%clk
01:26:16]} {[%emt 00:00:45]} 8. Nc3 {[%clk 01:30:41]} {[%emt 00:01:25]} h6
{[%clk 01:25:09]} {[%emt 00:01:33]} 9. h3 {[%clk 01:31:06]} {[%emt 00:00:09]}
Nxf2 {[%clk 01:23:56]} {[%emt 00:01:43]} 10. Kxf2 {[%clk 01:31:19]} {[%emt
00:00:16]} f6 {[%clk 01:23:25]} {[%emt 00:01:02]} 11. Re1 {[%clk 01:30:46]}
{[%emt 00:01:03]} fxe5 {[%clk 01:23:02]} {[%emt 00:00:53]} 12. Nxe5 {[%clk
01:30:51]} {[%emt 00:00:25]} Qf6+ {[%clk 01:22:56]} {[%emt 00:00:35]} 13. Qf3
{[%clk 01:30:45]} {[%emt 00:00:36]} Qxf3+ {[%clk 01:23:02]} {[%emt 00:00:25]}
14. Nxf3+ {[%clk 01:31:09]} {[%emt 00:00:06]} Ne7 {[%clk 01:22:47]} {[%emt
00:00:44]} 15. Bf4 {[%clk 01:31:17]} {[%emt 00:00:23]} c6 {[%clk 01:21:27]}
{[%emt 00:01:50]} 16. a3 {[%clk 01:28:18]} {[%emt 00:03:29]} Ba5 {[%clk
01:21:12]} {[%emt 00:00:45]} 17. Bd6 {[%clk 01:28:29]} {[%emt 00:00:19]} Bxc3
{[%clk 01:20:54]} {[%emt 00:00:48]} 18. bxc3 {[%clk 01:28:33]} {[%emt
00:00:26]} Kd8 {[%clk 01:20:08]} {[%emt 00:01:16]} 19. Bxe7+ {[%clk 01:28:37]}
{[%emt 00:00:25]} Kc7 {[%clk 01:20:33]} {[%emt 00:00:05]} 20. Bb4 {[%clk
01:28:05]} {[%emt 00:01:03]} d5 {[%clk 01:20:53]} {[%emt 00:00:09]} 21. Bd3
{[%clk 01:27:20]} {[%emt 00:01:16]} Bd7 {[%clk 01:21:08]} {[%emt 00:00:15]} 22.
Re7 {[%clk 01:27:19]} {[%emt 00:00:31]} g5 {[%emt 00:00:54]} 23. Bf5 {[%clk
01:27:12]} Rad8 {[%clk 01:21:36]} {[%emt 00:00:14]} 24. Ne5 {[%clk 01:26:57]}
{[%emt 00:00:46]} Rhf8 {[%clk 01:20:49]} {[%emt 00:01:16]} 25. Rxd7+ {[%clk
01:27:06]} {[%emt 00:00:21]} Rxd7 {[%clk 01:21:09]} {[%emt 00:00:10]} 26. Bxf8
{[%clk 01:27:24]} {[%emt 00:00:10]} Rd8 {[%clk 01:21:21]} {[%emt 00:00:20]} 27.
Bxh6 {[%clk 01:27:22]} {[%emt 00:00:33]} Kd6 {[%clk 01:21:01]} {[%emt
00:00:49]} 28. Bxg5 {[%clk 01:27:36]} {[%emt 00:00:16]} Rf8 {[%clk 01:21:07]}
{[%emt 00:00:24]} 29. g4 {[%clk 01:28:02]} {[%emt 00:00:04]} c5 {[%clk
01:21:06]} {[%emt 00:00:31]} 30. h4 {[%clk 01:28:04]} {[%emt 00:00:28]} b6
{[%clk 01:21:09]} {[%emt 00:00:27]} 31. h5 {[%clk 01:28:23]} {[%emt 00:00:11]}
a5 {[%clk 01:21:16]} {[%emt 00:00:23]} 32. Rb1 {[%clk 01:28:40]} {[%emt
00:00:14]} Kc7 {[%clk 01:21:19]} {[%emt 00:00:27]} 33. h6 {[%clk 01:28:54]}
{[%emt 00:00:16]} Re8 {[%clk 01:21:03]} {[%emt 00:00:46]} 34. h7 {[%clk
01:28:49]} {[%emt 00:00:35]} cxd4 {[%clk 01:21:18]} {[%emt 00:00:15]} 35. cxd4
{[%clk 01:29:10]} {[%emt 00:00:09]} Rh8 {[%clk 01:21:32]} {[%emt 00:00:16]} 36.
Bf6 {[%clk 01:29:18]} {[%emt 00:00:22]} Rf8 {[%clk 01:21:52]} {[%emt 00:00:10]}
37. Rc1+ {[%clk 01:29:38]} {[%emt 00:00:11]} Kb8 {[%clk 01:22:03]} {[%emt
00:00:19]} 38. Nd7+ {[%clk 01:30:02]} {[%emt 00:00:06]} Ka7 {[%clk 01:22:25]}
{[%emt 00:00:07]} 39. Nxf8 {[%clk 01:30:22]} {[%emt 00:00:10]} Kb7 {[%clk
01:22:50]} {[%emt 00:00:05]} 40. h8=Q {[%clk 01:30:40]} {[%emt 00:00:13]} Ka6
{[%clk 01:23:08]} {[%emt 00:00:12]} 41. Bc8+ {[%clk 01:30:52]} {[%emt
00:00:18]} Kb5 {[%clk 01:23:24]} {[%emt 00:00:14]} 42. Qg8 {[%clk 01:30:28]}
{[%emt 00:00:53]} Ka4 {[%clk 01:23:45]} {[%emt 00:00:09]} 43. Bd7+ {[%clk
01:30:45]} {[%emt 00:00:14]} Kxa3 {[%clk 01:24:00]} {[%emt 00:00:16]} 44. Be7+
{[%clk 01:31:04]} {[%emt 00:00:11]} Kb2 {[%clk 01:24:20]} {[%emt 00:00:10]} 45.
Qg5 {[%clk 01:31:08]} {[%emt 00:00:26]} a4 {[%clk 01:24:33]} {[%emt 00:00:17]}
46. Qd2+ {[%clk 01:31:27]} {[%emt 00:00:11]} Kb3 {[%clk 01:24:48]} {[%emt
00:00:15]} 47. Qc2# {[%clk 01:31:01]} {[%emt 00:00:23]} 1-0

[Event "ODJM C 2023"]
[Site "Willingen GER"]
[Date "2023.05.30"]
[Round "4"]
[White "Grunert, Greta"]
[Black "Peglau, Lorena"]
[Result "1-0"]
[Termination "normal"]
[Board "28"]
[WhiteElo "1100"]
[BlackElo "1235"]
[WhiteClock "00:30:08"]
[BlackClock "01:09:40"]
[PlyCount "135"]
[WhiteFideId "16258649"]
[BlackFideId "16290542"]
[EventCountry "GER"]
[EventRounds "9"]
[EventType "swiss"]
[EventDate "2023.05.27"]

1. e4 {[%clk 01:30:57]} {[%emt 00:00:02]} e6 {[%clk 01:30:56]} {[%emt
00:00:05]} 2. d4 {[%clk 01:31:17]} {[%emt 00:00:10]} d5 {[%clk 01:31:22]}
{[%emt 00:00:05]} 3. Nd2 {[%clk 01:31:33]} {[%emt 00:00:11]} dxe4 {[%clk
01:31:44]} {[%emt 00:00:09]} 4. Nxe4 {[%clk 01:31:52]} {[%emt 00:00:11]} Bd7
{[%clk 01:32:10]} {[%emt 00:00:05]} 5. Nf3 {[%clk 01:31:30]} {[%emt 00:00:51]}
Bc6 {[%clk 01:32:33]} {[%emt 00:00:07]} 6. Ng3 {[%clk 01:30:32]} {[%emt
00:01:22]} Nd7 {[%clk 01:32:49]} {[%emt 00:00:20]} 7. Bc4 {[%clk 01:30:06]}
{[%emt 00:00:54]} Ngf6 {[%clk 01:32:36]} {[%emt 00:00:46]} 8. O-O {[%clk
01:29:39]} {[%emt 00:00:55]} Be7 {[%clk 01:32:21]} {[%emt 00:00:46]} 9. Bf4
{[%clk 01:27:02]} {[%emt 00:02:59]} Nb6 {[%clk 01:30:33]} {[%emt 00:02:27]} 10.
Bb3 {[%clk 01:26:24]} {[%emt 00:01:04]} O-O {[%clk 01:29:20]} {[%emt 00:01:47]}
11. Ne5 {[%clk 01:20:21]} {[%emt 00:06:31]} Bd5 {[%clk 01:26:54]} {[%emt
00:02:58]} 12. c4 {[%clk 01:16:40]} {[%emt 00:04:11]} Be4 {[%clk 01:25:00]}
{[%emt 00:02:24]} 13. Re1 {[%clk 01:14:29]} {[%emt 00:02:40]} Bg6 {[%clk
01:24:53]} {[%emt 00:00:37]} 14. Nxg6 {[%clk 01:12:08]} {[%emt 00:02:51]} hxg6
{[%clk 01:25:10]} {[%emt 00:00:13]} 15. Rc1 {[%clk 01:10:08]} {[%emt 00:02:30]}
c6 {[%clk 01:20:57]} {[%emt 00:04:44]} 16. Bg5 {[%clk 00:57:59]} {[%emt
00:12:38]} Qc7 {[%clk 01:18:39]} {[%emt 00:02:49]} 17. Qd3 {[%clk 00:47:29]}
{[%emt 00:10:59]} Rfd8 {[%clk 01:16:40]} {[%emt 00:02:29]} 18. Rcd1 {[%clk
00:42:11]} {[%emt 00:05:47]} Rac8 {[%clk 01:12:29]} {[%emt 00:04:41]} 19. Qe3
{[%clk 00:37:21]} {[%emt 00:05:20]} Kf8 {[%clk 01:09:00]} {[%emt 00:04:00]} 20.
Qf4 {[%clk 00:35:15]} {[%emt 00:02:35]} Qxf4 {[%clk 01:07:55]} {[%emt
00:01:35]} 21. Bxf4 {[%clk 00:35:34]} {[%emt 00:00:12]} a5 {[%clk 01:05:03]}
{[%emt 00:03:22]} 22. a4 {[%clk 00:33:52]} {[%emt 00:02:12]} Rd7 {[%clk
01:04:00]} {[%emt 00:01:34]} 23. Be3 {[%clk 00:32:46]} {[%emt 00:01:35]} Rcd8
{[%clk 01:02:44]} {[%emt 00:01:46]} 24. d5 {[%clk 00:32:23]} {[%emt 00:00:53]}
Nc8 {[%clk 01:02:24]} {[%emt 00:00:50]} 25. dxe6 {[%clk 00:32:20]} {[%emt
00:00:32]} Rxd1 {[%clk 01:02:15]} {[%emt 00:00:39]} 26. Rxd1 {[%clk 00:32:29]}
{[%emt 00:00:21]} Rxd1+ {[%clk 01:02:34]} {[%emt 00:00:12]} 27. Bxd1 {[%clk
00:32:53]} {[%emt 00:00:05]} fxe6 {[%clk 01:02:44]} {[%emt 00:00:20]} 28. Bc2
{[%clk 00:32:17]} {[%emt 00:01:06]} Nd6 {[%clk 01:01:45]} {[%emt 00:01:29]} 29.
b3 {[%clk 00:30:24]} {[%emt 00:02:24]} Kf7 {[%clk 01:01:36]} {[%emt 00:00:39]}
30. Bb6 {[%clk 00:30:26]} {[%emt 00:00:27]} e5 {[%clk 00:59:24]} {[%emt
00:02:43]} 31. Bxa5 {[%clk 00:29:49]} {[%emt 00:01:07]} e4 {[%clk 00:59:18]}
{[%emt 00:00:36]} 32. Bc3 {[%clk 00:29:15]} {[%emt 00:00:49]} e3 {[%clk
00:58:38]} {[%emt 00:01:27]} 33. fxe3 {[%clk 00:28:53]} {[%emt 00:00:52]} Ng4
{[%clk 00:58:59]} {[%emt 00:00:09]} 34. e4 {[%clk 00:28:37]} {[%emt 00:00:46]}
g5 {[%clk 00:59:10]} {[%emt 00:00:18]} 35. Bd1 {[%clk 00:26:41]} {[%emt
00:02:24]} Ne3 {[%clk 00:59:12]} {[%emt 00:00:30]} 36. Be2 {[%clk 00:25:07]}
{[%emt 00:01:28]} Bf6 {[%clk 00:59:17]} {[%emt 00:01:01]} 37. e5 {[%clk
00:24:20]} {[%emt 00:01:17]} Ndf5 {[%clk 00:59:14]} {[%emt 00:00:34]} 38. Nxf5
{[%clk 00:24:13]} {[%emt 00:00:37]} Nxf5 {[%clk 00:59:37]} {[%emt 00:00:07]}
39. exf6 {[%clk 00:24:34]} {[%emt 00:00:08]} gxf6 {[%clk 01:00:03]} {[%emt
00:00:04]} 40. Bh5+ {[%clk 00:24:05]} {[%emt 00:00:58]} Ke7 {[%clk 01:00:19]}
{[%emt 00:00:15]} 41. Bg6 {[%clk 00:24:01]} {[%emt 00:00:34]} Ke6 {[%clk
01:00:40]} {[%emt 00:00:10]} 42. Bxf5+ {[%clk 00:24:24]} {[%emt 00:00:07]} Kxf5
{[%clk 01:01:00]} {[%emt 00:00:10]} 43. g4+ {[%clk 00:23:47]} {[%emt 00:01:06]}
Ke6 {[%clk 01:01:02]} {[%emt 00:00:29]} 44. b4 {[%clk 00:23:44]} {[%emt
00:00:34]} f5 {[%clk 01:01:22]} {[%emt 00:00:10]} 45. gxf5+ {[%clk 00:23:41]}
{[%emt 00:00:32]} Kxf5 {[%clk 01:01:43]} {[%emt 00:00:09]} 46. b5 {[%clk
00:23:45]} {[%emt 00:00:26]} Ke6 {[%clk 01:01:57]} {[%emt 00:00:15]} 47. bxc6
{[%clk 00:23:46]} {[%emt 00:00:30]} bxc6 {[%clk 01:02:18]} {[%emt 00:00:09]}
48. a5 {[%clk 00:23:45]} {[%emt 00:00:31]} Kd7 {[%clk 01:02:43]} {[%emt
00:00:05]} 49. Bf6 {[%clk 00:23:49]} {[%emt 00:00:26]} g4 {[%clk 01:02:59]}
{[%emt 00:00:14]} 50. Kg2 {[%clk 00:24:12]} {[%emt 00:00:07]} Kc7 {[%clk
01:03:23]} {[%emt 00:00:07]} 51. Kg3 {[%clk 00:24:32]} {[%emt 00:00:10]} Kb7
{[%clk 01:03:47]} {[%emt 00:00:06]} 52. Kxg4 {[%clk 00:24:55]} {[%emt
00:00:05]} Ka6 {[%clk 01:04:12]} {[%emt 00:00:06]} 53. h4 {[%clk 00:25:19]}
{[%emt 00:00:06]} Kxa5 {[%clk 01:04:37]} {[%emt 00:00:05]} 54. h5 {[%clk
00:25:45]} {[%emt 00:00:04]} Kb4 {[%clk 01:05:01]} {[%emt 00:00:07]} 55. h6
{[%clk 00:26:10]} {[%emt 00:00:05]} Kxc4 {[%clk 01:05:23]} {[%emt 00:00:08]}
56. h7 {[%clk 00:26:35]} {[%emt 00:00:05]} c5 {[%clk 01:05:48]} {[%emt
00:00:05]} 57. h8=Q {[%clk 00:26:57]} {[%emt 00:00:06]} Kb3 {[%clk 01:06:11]}
{[%emt 00:00:08]} 58. Kf3 {[%clk 00:27:12]} {[%emt 00:00:15]} c4 {[%clk
01:06:34]} {[%emt 00:00:07]} 59. Ke3 {[%clk 00:27:31]} {[%emt 00:00:08]} Kc2
{[%clk 01:06:54]} {[%emt 00:00:13]} 60. Qc8 {[%clk 00:27:45]} {[%emt 00:00:15]}
Kb3 {[%clk 01:07:17]} {[%emt 00:00:09]} 61. Kd4 {[%clk 00:28:06]} {[%emt
00:00:09]} Kb2 {[%clk 01:07:32]} {[%emt 00:00:52]} 62. Kxc4+ {[%clk 00:28:25]}
{[%emt 00:00:10]} Kc2 {[%clk 01:07:50]} {[%emt 00:00:13]} 63. Qh3 {[%clk
00:28:34]} {[%emt 00:00:19]} Kd2 {[%clk 01:08:08]} {[%emt 00:00:15]} 64. Bc3+
{[%clk 00:28:47]} {[%emt 00:00:16]} Ke2 {[%clk 01:08:28]} {[%emt 00:00:09]} 65.
Kd4 {[%clk 00:29:12]} {[%emt 00:00:05]} Kf2 {[%clk 01:08:50]} {[%emt 00:00:08]}
66. Ke4 {[%clk 00:29:30]} {[%emt 00:00:09]} Ke2 {[%clk 01:09:14]} {[%emt
00:00:10]} 67. Qg2+ {[%clk 00:29:52]} {[%emt 00:00:06]} Kd1 {[%clk 01:09:40]}
{[%emt 00:00:06]} 68. Qd2# {[%clk 00:30:08]} {[%emt 00:00:07]} 1-0

[Event "ODJM C 2023"]
[Site "Willingen GER"]
[Date "2023.05.30"]
[Round "4"]
[White "Anh, David"]
[Black "Riebienkov, Mark"]
[Result "1/2-1/2"]
[Termination "normal"]
[Board "29"]
[WhiteElo "1041"]
[BlackElo "1116"]
[WhiteClock "00:00:00"]
[BlackClock "01:16:14"]
[PlyCount "43"]
[WhiteFideId "34639500"]
[BlackFideId "34648500"]
[EventCountry "GER"]
[EventRounds "9"]
[EventType "swiss"]
[EventDate "2023.05.27"]

1. e4 {[%clk 01:30:59]} {[%emt 00:00:01]} e5 {[%clk 01:30:52]} {[%emt
00:00:08]} 2. Nf3 {[%clk 01:31:25]} {[%emt 00:00:03]} d5 {[%clk 01:31:10]}
{[%emt 00:00:13]} 3. exd5 {[%clk 01:31:29]} {[%emt 00:00:26]} e4 {[%clk
01:31:29]} {[%emt 00:00:11]} 4. Nd4 {[%clk 01:30:32]} {[%emt 00:01:27]} Nf6
{[%clk 01:30:24]} {[%emt 00:01:35]} 5. Nc3 {[%clk 01:29:58]} {[%emt 00:01:04]}
Bc5 {[%clk 01:30:00]} {[%emt 00:00:51]} 6. Nb3 {[%clk 01:29:56]} {[%emt
00:00:35]} Bb6 {[%clk 01:29:48]} {[%emt 00:00:42]} 7. Bc4 {[%clk 01:29:33]}
{[%emt 00:00:52]} O-O {[%clk 01:30:03]} {[%emt 00:00:13]} 8. O-O {[%emt
00:00:21]} c6 {[%clk 01:29:32]} {[%emt 00:00:49]} 9. dxc6 {[%clk 01:29:36]}
{[%emt 00:00:49]} Nxc6 {[%clk 01:29:37]} {[%emt 00:00:24]} 10. h3 {[%clk
01:28:50]} {[%emt 00:01:17]} Bc7 {[%clk 01:26:58]} {[%emt 00:03:10]} 11. Nb5
{[%clk 01:26:18]} {[%emt 00:03:02]} Bb8 {[%clk 01:26:19]} {[%emt 00:01:08]} 12.
d3 {[%clk 01:25:55]} {[%emt 00:00:53]} a6 {[%clk 01:25:58]} {[%emt 00:00:51]}
13. Nc3 {[%clk 01:23:51]} {[%emt 00:02:34]} Qd6 {[%clk 01:24:42]} {[%emt
00:01:28]} 14. g3 {[%clk 01:22:57]} {[%emt 00:01:42]} Bxh3 {[%clk 01:24:31]}
{[%emt 00:00:41]} 15. Re1 {[%clk 01:22:28]} {[%emt 00:00:58]} Re8 {[%clk
01:23:45]} {[%emt 00:01:13]} 16. Bf4 {[%clk 01:17:58]} {[%emt 00:05:05]} Qd7
{[%clk 01:21:22]} {[%emt 00:02:52]} 17. Bxb8 {[%clk 01:17:58]} {[%emt
00:00:30]} Raxb8 {[%clk 01:21:32]} {[%emt 00:00:21]} 18. dxe4 {[%clk 01:17:48]}
{[%emt 00:00:40]} Ne5 {[%clk 01:18:12]} {[%emt 00:03:50]} 19. Be2 {[%clk
01:16:12]} {[%emt 00:02:06]} Qe7 {[%clk 01:16:57]} {[%emt 00:01:39]} 20. Kh2
{[%clk 01:13:29]} {[%emt 00:03:19]} Rbd8 {[%clk 01:16:52]} {[%emt 00:00:33]}
21. Bd3 {[%clk 01:10:52]} {[%emt 00:03:09]} Nfg4+ {[%clk 01:16:14]} {[%emt
00:01:08]} 22. Kg1 {[%clk 00:00:00]} {[%emt 00:03:18]} 1/2-1/2

[Event "ODJM C 2023"]
[Site "Willingen GER"]
[Date "2023.05.30"]
[Round "4"]
[White "Krömer, Antonius"]
[Black "Funke, Max"]
[Result "1-0"]
[Termination "normal"]
[Board "30"]
[WhiteElo "1353"]
[BlackElo "1031"]
[WhiteClock "00:38:30"]
[BlackClock "00:00:31"]
[PlyCount "29"]
[WhiteFideId "34660518"]
[BlackFideId "34628681"]
[EventCountry "GER"]
[EventRounds "9"]
[EventType "swiss"]
[EventDate "2023.05.27"]

1. d4 {[%clk 01:30:58]} {[%emt 00:00:01]} d5 {[%clk 01:30:54]} {[%emt
00:00:07]} 2. Nf3 {[%clk 01:30:49]} {[%emt 00:00:37]} Nf6 {[%clk 01:30:12]}
{[%emt 00:01:12]} 3. e3 {[%clk 01:30:26]} {[%emt 00:00:52]} Bf5 {[%clk
01:30:16]} {[%emt 00:00:27]} 4. Bd3 {[%clk 01:26:42]} {[%emt 00:04:14]} Bg6
{[%clk 01:20:43]} {[%emt 00:10:03]} 5. b3 {[%clk 01:21:26]} {[%emt 00:05:46]}
e6 {[%clk 01:18:48]} {[%emt 00:02:25]} 6. Ba3 {[%clk 01:18:52]} {[%emt
00:03:04]} Bxa3 {[%emt 00:01:28]} 7. Nxa3 {[%emt 00:00:14]} Nc6 {[%clk
01:09:25]} {[%emt 00:08:10]} 8. Qd2 {[%clk 01:09:48]} {[%emt 00:09:35]} Qe7
{[%clk 01:08:28]} {[%emt 00:01:28]} 9. Nb5 {[%clk 00:50:12]} {[%emt 00:20:06]}
a6 {[%clk 01:07:55]} {[%emt 00:01:02]} 10. Nc3 {[%clk 00:50:06]} {[%emt
00:00:35]} O-O-O {[%clk 00:31:59]} {[%emt 00:36:27]} 11. Na4 {[%clk 00:45:23]}
{[%emt 00:05:12]} Rhe8 {[%clk 00:08:26]} {[%emt 00:24:04]} 12. Ne5 {[%clk
00:40:27]} {[%emt 00:05:25]} Nb4 {[%clk 00:06:44]} {[%emt 00:02:12]} 13. Bxg6
{[%clk 00:39:44]} {[%emt 00:01:13]} hxg6 {[%clk 00:06:59]} {[%emt 00:00:16]}
14. Nc5 {[%clk 00:38:58]} {[%emt 00:01:16]} Qd6 {[%clk 00:00:31]} {[%emt
00:06:59]} 15. Qxb4 {[%clk 00:38:30]} {[%emt 00:00:57]} 1-0

[Event "ODJM C 2023"]
[Site "Willingen GER"]
[Date "2023.05.30"]
[Round "4"]
[White "Ginschel, Sophia"]
[Black "Knudsen, Finn Luca"]
[Result "1-0"]
[Termination "normal"]
[Board "31"]
[WhiteElo "809"]
[BlackElo "967"]
[PlyCount "57"]
[WhiteFideId "34660445"]
[BlackFideId "34630023"]
[EventCountry "GER"]
[EventRounds "9"]
[EventType "swiss"]
[EventDate "2023.05.27"]

1. e4 e5 2. Nf3 Nc6 3. Bc4 Nd4 4. Nxd4 exd4 5. d3 Bc5 6. Qh5 Qe7 7. Bg5 Nf6 8.
Bxf6 Qxf6 9. Qxc5 c6 10. c3 dxc3 11. Nxc3 d6 12. Qe3 O-O 13. O-O-O Re8 14. Qf3
Qxf3 15. gxf3 b5 16. Bb3 Bb7 17. Rde1 Re7 18. f4 b4 19. Ne2 Rae8 20. f3 d5 21.
Ng3 Ba6 22. Kc2 g6 23. f5 gxf5 24. Rhg1 Kf8 25. Nxf5 Rc7 26. Rg7 dxe4 27. Reg1
Bxd3+ 28. Kc1 exf3 29. Rg8# 1-0

[Event "ODJM C 2023"]
[Site "Willingen GER"]
[Date "2023.05.30"]
[Round "4"]
[White "Betz, Niclas"]
[Black "Moissl, Felix"]
[Result "1-0"]
[Termination "normal"]
[Board "32"]
[WhiteElo "1043"]
[BlackElo "1390"]
[PlyCount "47"]
[WhiteFideId "34616748"]
[BlackFideId "34623574"]
[EventCountry "GER"]
[EventRounds "9"]
[EventType "swiss"]
[EventDate "2023.05.27"]

1. e4 d5 2. exd5 Nf6 3. d4 Nxd5 4. Nf3 Nc6 5. Bb5 Bd7 6. c4 Nf6 7. O-O e6 8.
Re1 Bb4 9. Nc3 O-O 10. Bf4 Ne7 11. Qe2 a6 12. Bxd7 Qxd7 13. Rad1 c6 14. a3 Bxc3
15. bxc3 h6 16. Ne5 Qd8 17. Rd3 Qa5 18. Qe3 Nf5 19. Qc1 g5 20. Bxg5 hxg5 21.
Qxg5+ Ng7 22. Qxf6 Qxa3 23. Rg3 Qxc3 24. Qxg7# 1-0

[Event "ODJM C 2023"]
[Site "Willingen GER"]
[Date "2023.05.30"]
[Round "4"]
[White "Lola, Ioanna-Maria"]
[Black "Knudsen, Max Leon"]
[Result "1/2-1/2"]
[Termination "normal"]
[Board "33"]
[WhiteElo "1024"]
[BlackElo "931"]
[PlyCount "83"]
[WhiteFideId "34620397"]
[BlackFideId "34629467"]
[EventCountry "GER"]
[EventRounds "9"]
[EventType "swiss"]
[EventDate "2023.05.27"]

1. d4 g6 2. Nc3 Bg7 3. Bf4 d6 4. Qd2 a6 5. O-O-O c5 6. Nf3 cxd4 7. Ne4 d5 8.
Ng3 Nc6 9. h4 e5 10. e4 exf4 11. Qxf4 Bh6 12. Ng5 f6 13. Kb1 fxg5 14. hxg5 Bxg5
15. Qf3 Ne5 16. Qe2 dxe4 17. Qxe4 Qc7 18. f4 Nf6 19. Qxe5+ Qxe5 20. fxe5 Ng4
21. Rxd4 Nxe5 22. Re4 Bf6 23. a3 Be6 24. Ne2 O-O-O 25. Nc3 Rhe8 26. Rxh7 Nf7
27. Bc4 Ng5 28. Bxe6+ Nxe6 29. Rc4+ Kb8 30. Na4 b5 31. Nc5 bxc4 32. Nxa6+ Kc8
33. Ra7 Rd1+ 34. Ka2 Nd4 35. Ra8+ Kd7 36. Nc5+ Ke7 37. Ra7+ Kd6 38. Nb7+ Ke6
39. Ra6+ Kf5 40. Nd6+ Kf4 41. Nxe8 Be5 42. Rxg6 1/2-1/2

[Event "ODJM C 2023"]
[Site "Willingen GER"]
[Date "2023.05.30"]
[Round "4"]
[White "Reetz, Shaila"]
[Black "Hasselmann, Isabelle Sophia"]
[Result "1-0"]
[Termination "normal"]
[Board "34"]
[WhiteElo "1003"]
[BlackElo "1110"]
[PlyCount "55"]
[WhiteFideId "34630317"]
[BlackFideId "16266951"]
[EventCountry "GER"]
[EventRounds "9"]
[EventType "swiss"]
[EventDate "2023.05.27"]

1. e4 e6 2. d4 d5 3. exd5 exd5 4. Bd3 c5 5. c3 Nc6 6. Bb5 Qb6 7. Ba4 Nf6 8. h3
Bd7 9. Nf3 cxd4 10. Nxd4 Nxd4 11. cxd4 Bb4+ 12. Nc3 Qa5 13. Bxd7+ Nxd7 14. O-O
Bxc3 15. bxc3 Qxc3 16. Qe2+ Kd8 17. Bb2 Qb4 18. Rac1 Rc8 19. Rcd1 Qa4 20. Rfe1
Kc7 21. Rc1+ Kb8 22. Rc3 Rxc3 23. Bxc3 Rc8 24. Rc1 Qa3 25. Qd2 Nf6 26. Bb2 Qxa2
27. Qf4+ Ka8 28. Rxc8# 1-0

[Event "ODJM C 2023"]
[Site "Willingen GER"]
[Date "2023.05.30"]
[Round "4"]
[White "Nehrukumar, Rithika"]
[Black "Fize, Aleksandrs"]
[Result "0-1"]
[Termination "normal"]
[Board "35"]
[WhiteElo "990"]
[BlackElo "1154"]
[PlyCount "94"]
[WhiteFideId "34660550"]
[BlackFideId "34623779"]
[EventCountry "GER"]
[EventRounds "9"]
[EventType "swiss"]
[EventDate "2023.05.27"]

1. e4 c5 2. Nf3 e6 3. d4 cxd4 4. Nxd4 Nc6 5. Nc3 Qc7 6. Bb5 a6 7. Bxc6 bxc6 8.
Be3 Bb7 9. O-O Nf6 10. Re1 d5 11. exd5 cxd5 12. h3 Be7 13. Qd3 O-O 14. Nf3 e5
15. Qf5 d4 16. Bg5 Bxf3 17. Qxf3 dxc3 18. bxc3 Rfe8 19. Rab1 Rab8 20. Red1 Rxb1
21. Rxb1 Rb8 22. Rd1 Rc8 23. Rd3 e4 24. Qe3 exd3 25. cxd3 Nd5 26. Qd2 Bxg5 27.
Qxg5 Nxc3 28. a3 Ne2+ 29. Kf1 Qc1+ 30. Qxc1 Nxc1 31. d4 Rd8 32. d5 Rxd5 33. Ke1
Rd3 34. a4 Ra3 35. Kd1 Rxa4 36. Kxc1 Rb4 37. Kc2 a5 38. Kc3 Rb8 39. Kc4 a4 40.
Kc5 a3 41. Kc6 a2 42. Kc7 Rb4 43. Kc6 a1=Q 44. Kc5 Qa5+ 45. Kd6 Rb6+ 46. Kc7
Qa7+ 47. Kc8 Rb8# 0-1

[Event "ODJM C 2023"]
[Site "Willingen GER"]
[Date "2023.05.30"]
[Round "4"]
[White "Aslanov, Kamran"]
[Black "Kulgemeyer, Justus"]
[Result "1/2-1/2"]
[Termination "normal"]
[Board "37"]
[WhiteElo "905"]
[BlackElo "1106"]
[PlyCount "68"]
[WhiteFideId "34660402"]
[BlackFideId "34623671"]
[EventCountry "GER"]
[EventRounds "9"]
[EventType "swiss"]
[EventDate "2023.05.27"]

1. e4 c5 2. Nf3 e6 3. c3 Nc6 4. d4 cxd4 5. Nxd4 Nxd4 6. cxd4 Nf6 7. Nc3 Bb4 8.
Bd3 a6 9. O-O b5 10. e5 Nd5 11. Be4 Bb7 12. Qf3 Bxc3 13. bxc3 O-O 14. Qg3 g6
15. Bh6 Re8 16. Bg5 Qc7 17. Bf6 Nxc3 18. Bf3 Bxf3 19. Qxf3 h5 20. Rac1 b4 21.
a3 a5 22. Qe3 Kh7 23. Bg5 Rac8 24. Qf3 Rf8 25. Kh1 b3 26. Be7 Rg8 27. Qxf7+ Rg7
28. Qf6 Rgg8 29. Qf7+ Kh6 30. h4 Rg7 31. Qf6 Rxe7 32. Qg5+ Kg7 33. Qxe7+ Kh6
34. Qd6 b2 1/2-1/2

[Event "ODJM C 2023"]
[Site "Willingen GER"]
[Date "2023.05.30"]
[Round "4"]
[White "Nehrukumar, Snikitha"]
[Black "Gold, Finnja"]
[Result "0-1"]
[Termination "normal"]
[Board "38"]
[WhiteElo "984"]
[BlackElo "1103"]
[PlyCount "92"]
[WhiteFideId "34660569"]
[BlackFideId "34660453"]
[EventCountry "GER"]
[EventRounds "9"]
[EventType "swiss"]
[EventDate "2023.05.27"]

1. e4 c5 2. Nf3 a6 3. Bc4 e6 4. e5 b5 5. Be2 d5 6. d4 c4 7. b3 g6 8. bxc4 bxc4
9. O-O Bg7 10. Bg5 Ne7 11. Re1 O-O 12. Nc3 Bd7 13. h3 Nbc6 14. Rb1 Rb8 15. Rxb8
Qxb8 16. Qd2 Re8 17. Bh6 Nf5 18. Bxg7 Kxg7 19. Qg5 Qd8 20. Qxd8 Rxd8 21. Rb1
Ncxd4 22. Nxd4 Nxd4 23. Rc1 Ba4 24. Rb1 Bxc2 25. Rb6 a5 26. Bf3 Nxf3+ 27. gxf3
d4 28. Ne2 a4 29. a3 d3 30. Nc3 d2 31. Kg2 d1=Q 32. Nxd1 Bxd1 33. Rc6 Bb3 34.
Kg3 Kf8 35. Kg4 h6 36. Kf4 Ke7 37. Rc7+ Rd7 38. Rc6 Kd8 39. h4 Rc7 40. Rd6+ Kc8
41. Kg3 c3 42. f4 c2 43. h5 gxh5 44. Kh4 c1=Q 45. Kxh5 Qxf4 46. f3 Qg5# 0-1